00640nam a2200217Ia 4500003000900000008004100009040001300050040001300063041000800076100001700084245002900101250001200130260002100142260000900163300001100172300001000183490000600193942000700199999001700206952019900223IT-RoPAU120407s9999 xx 000 0 und d aIT-RoPAU cIT-RoPAU aeng aJosef Pieper aWas heikt philophieren?  aMunchen aEgner - Bucherei c1948 a114 p. c20 cm v1 cBK c24495d24495 00102ddc406104_80000000000000071aPAULUSbPAULUSd2012-04-11l0o104.80r2012-04-11 00:00:00w2012-04-11yBKzInserito da: Mario In data: 19 settembre 2011 fondo: Via A.Severo 56 Progr:37389